Sonido de flautas en el alba
Gespeichert in:
| 1. Verfasser: | |
|---|---|
| Format: | Buch |
| Sprache: | Spanisch |
| Veröffentlicht: |
Valparaíso
Imprenta Victoria
1958
|
| Ausgabe: | 1a. ed |
| Schlagworte: | |
| Tags: |
Tag hinzufügen
Keine Tags, Fügen Sie den ersten Tag hinzu!
|
MARC
| LEADER | 00000cam a2200000 a 4500 | ||
|---|---|---|---|
| 001 | UCC1716 | ||
| 003 | CL-VaPUC | ||
| 008 | 171117e19580000cl |||||||||||||||||spa|d | ||
| 082 | 0 | 4 | |a Ch861 |b GAL |2 21 |
| 100 | 0 | |a Galaz, Alejandro |e author |9 511535 | |
| 245 | 1 | 0 | |a Sonido de flautas en el alba |
| 250 | |a 1a. ed | ||
| 300 | |a 114 p | ||
| 942 | |c BK | ||
| 945 | |d 20171117 16:06:00 |a arojas | ||
| 260 | |a Valparaíso |b Imprenta Victoria |c 1958 | ||
| 500 | |a Edición póstuma conmemorativa del 20º aniversario de la muerte del poeta | ||
| 650 | 0 | |a Poesías chilenas |9 265280 | |
| 650 | 0 | |a Literatura chilena |9 308278 | |
| 583 | |a last modification |c 20171117 16:06:00 |k Rodrigo Vera | ||
| 999 | |c 370111 |d 370109 | ||
| 952 | |0 0 |1 0 |3 erb |4 0 |6 CH_861_000000000000000_GAL_1958 |7 0 |8 A |9 486416 |a BIBEDU |b BIBEDU |i 543758K |o Ch861 GAL 1958 |p 543758K |r 2019-11-24 |w 2019-11-24 |y BK |z Catalogado en:20171117 |k LIT | ||